000 00705cam a22002531 4500
001 sa 66001465
003 DLC
005 20260227112222.0
008 900208s1963 ii 000 0 sano
010 _asa 66001465
035 _a(OCoLC)21023287
040 _aDLC
_cWaU
_dDLC
041 0 _asanhin
042 _apremarc
050 0 0 _aPK3012
_b.A3
130 0 _aVedas.
_pR̥gveda.
_kSelections.
245 1 0 _aR̥k-sūkta-ratnākaraḥ.
260 _c[1963]
300 _avi, 61, 360 p.
_c19 cm.
500 _aHindi and Sanskrit; introductory material and explanations in Hindi.
700 0 _aSāyaṇa,
_d-1387.
700 1 _aPeterson, Peter,
_d1847-1899.
700 1 _aAcharya, Ramkrishna,
_d1921-
999 _c67831
_d67831